[Event "GER-ch Net blitz qual2"]
[Site "Playchess.com INT"]
[Date "2021.05.04"]
[Round "7"]
[White "Fenske, Klaus Dieter"]
[Black "Schell, Peter"]
[Result "1-0"]
[WhiteElo "1771"]
[BlackElo "1620"]
[PlyCount "73"]
[EventDate "2021.05.04"]
[EventType "swiss (blitz)"]
[EventRounds "11"]
[EventCountry "GER"]
[SourceTitle "CBM 202 Extra"]
[Source "ChessBase"]
[SourceDate "2021.07.31"]
[SourceVersion "1"]
[SourceVersionDate "2021.07.31"]
[SourceQuality "1"]

1. d4 Nf6 2. c4 c5 3. d5 b5 4. b3 e6 5. Bb2 bxc4 6. bxc4 d6 7. e3 e5 8. Be2 Bf5 9. Nd2 Nbd7 10. Ngf3 Be7 11. 0-0 0-0 12. Nh4 Bg6 13. Nxg6 hxg6 14. Qa4 Nb6 15. Qb5 Rb8 16. Qa6 Qc7 17. Bc3 Qb7 18. Qa5 Qd7 19. Rab1 Bd8 20. Qa3 Be7 21. Ba5 Qf5 22. Rb2 Ne4 23. Bd3 Nxd2 24. Bxf5 Ndxc4 25. Qc3 Na4 26. Qxc4 Nxb2 27. Qc2 gxf5 28. Qxf5 Nc4 29. Bc3 g6 30. Qe4 Nb6 31. f4 f5 32. Qd3 e4 33. Qd1 Nc4 34. Qe2 Nb6 35. Rd1 Na4 36. Ba1 Rb4 37. g4 1-0

[Event "GER-ch Net blitz qual2"]
[Site "Playchess.com INT"]
[Date "2021.05.04"]
[Round "6"]
[White "Schell, Peter"]
[Black "Blum, Frederik"]
[Result "0-1"]
[WhiteElo "1620"]
[BlackElo "1903"]
[PlyCount "58"]
[EventDate "2021.05.04"]
[EventType "swiss (blitz)"]
[EventRounds "11"]
[EventCountry "GER"]
[SourceTitle "CBM 202 Extra"]
[Source "ChessBase"]
[SourceDate "2021.07.31"]
[SourceVersion "1"]
[SourceVersionDate "2021.07.31"]
[SourceQuality "1"]

1. e4 c5 2. d4 cxd4 3. c3 dxc3 4. Nxc3 e6 5. Bc4 a6 6. a4 Ne7 7. Nf3 Ng6 8. Qe2 Nc6 9. 0-0 Bd6 10. Rd1 Qc7 11. Be3 0-0 12. Rac1 Bf4 13. g3 Bxe3 14. Qxe3 Nge5 15. Be2 Nxf3+ 16. Bxf3 Qa5 17. Be2 f5 18. f4 fxe4 19. Nxe4 b5 20. Rc5 Qxa4 21. Rh5 d5 22. Nc5 Qc2 23. Rc1 Qxb2 24. Bd3 g6 25. Rg5 Qd4 26. Kf2 e5 27. Qxd4 Nxd4 28. Rxe5 Bf5 29. Rxd5 Bxd3 0-1

[Event "GER-ch Net blitz qual2"]
[Site "Playchess.com INT"]
[Date "2021.05.04"]
[Round "5"]
[White "Schwierskott, Marc"]
[Black "Schell, Peter"]
[Result "1-0"]
[WhiteElo "2037"]
[BlackElo "1620"]
[PlyCount "55"]
[EventDate "2021.05.04"]
[EventType "swiss (blitz)"]
[EventRounds "11"]
[EventCountry "GER"]
[SourceTitle "CBM 202 Extra"]
[Source "ChessBase"]
[SourceDate "2021.07.31"]
[SourceVersion "1"]
[SourceVersionDate "2021.07.31"]
[SourceQuality "1"]

1. c4 Nf6 2. Nc3 e6 3. e4 d6 4. d4 c5 5. d5 Be7 6. g3 exd5 7. exd5 0-0 8. Bg2 Bf5 9. Nf3 Nbd7 10. 0-0 Bg6 11. Nh4 a6 12. Nxg6 hxg6 13. a4 Ne5 14. b3 Qd7 15. h3 Qc7 16. f4 Ned7 17. Bb2 Nh7 18. Qf3 g5 19. Rae1 Bf6 20. Qf2 gxf4 21. gxf4 Qb6 22. Qc2 Bd4+ 23. Kh1 Ndf6 24. Ne4 Bxb2 25. Qxb2 Nxe4 26. Bxe4 Nf6 27. Rg1 Nxe4 28. Qxg7# 1-0

[Event "DSOL 02 Liga Gr-A 1st"]
[Site "Playchess.com INT"]
[Date "2020.07.10"]
[Round "3.2"]
[White "Schell, Peter"]
[Black "Bohnhoff, Peter"]
[Result "1-0"]
[WhiteElo "1986"]
[BlackElo "2078"]
[PlyCount "63"]
[EventDate "2020.06.22"]
[EventType "team-tourn (rapid)"]
[EventCountry "GER"]
[SourceTitle "EXT 2021"]
[Source "ChessBase"]
[SourceDate "2020.10.23"]
[SourceVersion "1"]
[SourceVersionDate "2020.10.23"]
[SourceQuality "1"]
[WhiteTeam "Walldorf"]
[BlackTeam "Altstadt Roter Turm"]
[WhiteTeamCountry "GER"]
[BlackTeamCountry "GER"]

1. e4 e5 2. Nf3 Nc6 3. Bc4 Nf6 4. d3 Be7 5. Nc3 d6 6. h3 Na5 7. Bb3 0-0 8. 0-0 Nxb3 9. axb3 h6 10. d4 Nd7 11. Be3 a6 12. Qd2 Re8 13. Rfd1 Bf8 14. dxe5 Nxe5 15. Nxe5 Rxe5 16. Bf4 Re6 17. Bg3 Bd7 18. f3 c6 19. Re1 Rg6 20. Kh2 Be7 21. Rad1 Bh4 22. Bf2 Bg5 23. f4 Bh4 24. Qe3 Bxf2 25. Qxf2 Qa5 26. Rd3 b5 27. Red1 b4 28. Ne2 Qc7 29. Ng3 Rd8 30. f5 Rg5 31. Qf4 Bc8 32. h4 1-0

[Event "Verbandsliga Nordbaden 1819"]
[Site "Baden"]
[Date "2019.03.10"]
[Round "7.7"]
[White "Oden, Edgar"]
[Black "Schell, Peter"]
[Result "0-1"]
[WhiteElo "2008"]
[BlackElo "2112"]
[PlyCount "60"]
[EventDate "2018.10.14"]
[EventType "team-tourn"]
[EventRounds "9"]
[EventCountry "GER"]
[SourceTitle "EXT 2020"]
[Source "ChessBase"]
[SourceDate "2019.10.17"]
[SourceVersion "1"]
[SourceVersionDate "2019.10.17"]
[SourceQuality "1"]
[WhiteTeam "Bad Mergentheim II"]
[BlackTeam "Walldorf II"]
[WhiteTeamCountry "GER"]
[BlackTeamCountry "GER"]

1. e4 c5 2. Nc3 d6 3. g3 Nc6 4. Bg2 g6 5. d3 Bg7 6. f4 h5 7. Nf3 Nd4 8. h3 Bd7 9. 0-0 Qc8 10. Kh2 Nf6 11. e5 Ng4+ 12. Kg1 Nxf3+ 13. Qxf3 Bc6 14. Qe2 Bxg2 15. Qxg2 Nh6 16. exd6 Bd4+ 17. Kh1 Nf5 18. dxe7 h4 19. Re1 Bxc3 20. bxc3 hxg3 21. Kg1 Nxe7 22. Qxg3 Qxh3 23. Qxh3 Rxh3 24. Re5 Kd7 25. Ba3 b6 26. Rae1 Nf5 27. Kg2 Rah8 28. R1e2 Rh2+ 29. Kf1 Ng3+ 30. Ke1 Rxe2+ 0-1

[Event "Verbandsliga Nord Baden 1314"]
[Site "Germany"]
[Date "2014.01.12"]
[Round "4.7"]
[White "Schulenburg, Bernd"]
[Black "Schell, Peter"]
[Result "0-1"]
[WhiteElo "2176"]
[BlackElo "2108"]
[PlyCount "118"]
[EventDate "2013.10.20"]
[EventType "team-tourn"]
[EventRounds "9"]
[EventCountry "GER"]
[SourceTitle "EXT 2015"]
[Source "ChessBase"]
[SourceDate "2014.11.20"]
[SourceVersion "1"]
[SourceVersionDate "2014.11.20"]
[SourceQuality "1"]
[WhiteTeam "Heidelberg"]
[BlackTeam "Walldorf"]
[WhiteTeamCountry "GER"]
[BlackTeamCountry "GER"]

1. e4 a6 2. d4 e6 3. Be3 Nf6 4. Nd2 b5 5. Bd3 Bb7 6. f3 c5 7. dxc5 Qc7 8. b4 d6 9. Nb3 d5 10. Nd2 Nc6 11. Qb1 Rd8 12. Ne2 Ne5 13. Bf4 dxe4 14. Bxe4 Bxe4 15. Nxe4 Nd5 16. Bg3 f5 17. N4c3 Nxc3 18. Nxc3 f4 19. Bh4 Rd7 20. 0-0 Bxc5+ 21. bxc5 Qxc5+ 22. Bf2 Qxc3 23. Qb3 Qc6 24. a4 0-0 25. axb5 axb5 26. Rfe1 Nc4 27. Re2 Kh8 28. Qb4 Re8 29. h3 h6 30. Rb1 Rd5 31. Ra1 Qd6 32. Qc3 Rd1+ 33. Rxd1 Qxd1+ 34. Re1 Qd5 35. Rb1 e5 36. Qd3 Qc6 37. Rd1 Nb2 38. Qd7 Qxd7 39. Rxd7 Rc8 40. Rb7 Rxc2 41. Rxb5 Nd3 42. Bb6 Re2 43. Rb3 Re1+ 44. Kh2 Rd1 45. h4 Kg8 46. g3 Kf7 47. gxf4 Nxf4 48. Rb2 Ke6 49. Kg3 Rh1 50. Rh2 Rb1 51. Be3 Kf5 52. Bxf4 exf4+ 53. Kh3 Rg1 54. Rg2 Rxg2 55. Kxg2 h5 56. Kf2 Ke5 57. Ke2 Kd4 58. Kd2 g6 59. Ke2 Kc3 0-1

[Event "Verbandsliga Nord Baden 1213"]
[Site "Baden"]
[Date "2013.04.21"]
[Round "9.5"]
[White "Schell, Peter"]
[Black "Sandmeier, Toni"]
[Result "1-0"]
[WhiteElo "2108"]
[BlackElo "2204"]
[PlyCount "83"]
[EventDate "2012.10.21"]
[EventType "team-tourn"]
[EventRounds "9"]
[EventCountry "GER"]
[SourceTitle "EXT 2014"]
[Source "ChessBase"]
[SourceDate "2013.11.20"]
[SourceVersion "1"]
[SourceVersionDate "2013.11.20"]
[SourceQuality "1"]
[WhiteTeam "Walldorf"]
[BlackTeam "Eppingen II"]
[WhiteTeamCountry "GER"]
[BlackTeamCountry "GER"]

1. e4 Nf6 2. Nc3 d6 3. f4 g6 4. Nf3 Bg7 5. d4 0-0 6. Bd3 Nbd7 7. e5 Ne8 8. h4 c5 9. e6 cxd4 10. exd7 Bxd7 11. Ne4 Rc8 12. h5 e5 13. hxg6 hxg6 14. fxe5 dxe5 15. Bg5 f6 16. Qe2 Be6 17. Bh6 Bd5 18. Ned2 Bf7 19. Qf2 f5 20. Bg5 Nf6 21. Qh4 Re8 22. Bxf6 Bxf6 23. Ng5 Bd5 24. Qh7+ Kf8 25. Qxg6 Rc7 26. Qxf5 Kg8 27. Nge4 Bh4+ 28. g3 Bxg3+ 29. Nxg3 Bxh1 30. 0-0-0 Bd5 31. Nh5 Rf7 32. Rg1+ Kf8 33. Qg4 Qd6 34. Ng7 Qh6 35. Nxe8 Kxe8 36. Qc8+ Ke7 37. Qc7+ Ke6 38. Qc8+ Ke7 39. Bf5 Qd6 40. Ne4 Qh6+ 41. Kb1 Bc6 42. Qc7+ 1-0

[Event "Verbandsliga Nord Baden 1213"]
[Site "Baden"]
[Date "2013.01.27"]
[Round "5.6"]
[White "Cserba, Andras"]
[Black "Schell, Peter"]
[Result "1-0"]
[WhiteElo "2131"]
[BlackElo "2108"]
[PlyCount "91"]
[EventDate "2012.10.21"]
[EventType "team-tourn"]
[EventRounds "9"]
[EventCountry "GER"]
[SourceTitle "EXT 2014"]
[Source "ChessBase"]
[SourceDate "2013.11.20"]
[SourceVersion "1"]
[SourceVersionDate "2013.11.20"]
[SourceQuality "1"]
[WhiteTeam "Slavija KA"]
[BlackTeam "Walldorf"]
[WhiteTeamCountry "GER"]
[BlackTeamCountry "GER"]

1. c4 e5 2. Nc3 d6 3. g3 h5 4. h4 Be6 5. b3 c6 6. Nf3 Be7 7. d4 exd4 8. Nxd4 Bf6 9. Bb2 Bc8 10. Qd2 Nh6 11. Ne4 Be5 12. f4 Bxd4 13. Bxd4 Bf5 14. Nf2 0-0 15. Bg2 Qe7 16. 0-0 Ng4 17. Nxg4 hxg4 18. Bb2 Na6 19. Qd4 f6 20. e4 Bg6 21. f5 Bh5 22. Rad1 Rad8 23. Qf2 Nc5 24. Rfe1 Nd7 25. Qxa7 Ne5 26. Bxe5 dxe5 27. Qe3 Qb4 28. Kf2 Ra8 29. Re2 Ra3 30. Rc2 Rfa8 31. Rdd2 Qe7 32. Bf1 c5 33. Be2 b6 34. Qd3 Kh7 35. Rb2 R8a6 36. Qc2 Ra7 37. Qd1 Bf7 38. Bxg4 b5 39. cxb5 c4 40. bxc4 Qc5+ 41. Kg2 Bxc4 42. Bh5 Bf7 43. b6 Qe3 44. Qg4 Rb7 45. Bxf7 Rxf7 46. Rd8 1-0

[Event "Verbandsliga Nord Baden 1213"]
[Site "Baden"]
[Date "2012.12.16"]
[Round "3.6"]
[White "Gross, Willi"]
[Black "Schell, Peter"]
[Result "1/2-1/2"]
[WhiteElo "2035"]
[BlackElo "2108"]
[PlyCount "42"]
[EventDate "2012.10.21"]
[EventType "team-tourn"]
[EventRounds "9"]
[EventCountry "GER"]
[SourceTitle "EXT 2014"]
[Source "ChessBase"]
[SourceDate "2013.11.20"]
[SourceVersion "1"]
[SourceVersionDate "2013.11.20"]
[SourceQuality "1"]
[WhiteTeam "Bad Mergentheim II"]
[BlackTeam "Walldorf"]
[WhiteTeamCountry "GER"]
[BlackTeamCountry "GER"]

1. d4 b6 2. Nf3 Bb7 3. g3 e6 4. Bg2 c5 5. c3 Nf6 6. 0-0 Be7 7. Nbd2 d5 8. Ne5 0-0 9. a3 cxd4 10. cxd4 Nc6 11. Ndf3 Nxe5 12. Nxe5 Nd7 13. Bf4 Nxe5 14. Bxe5 Qd7 15. Qd2 Rac8 16. Rfc1 Ba6 17. Bf1 Rfe8 18. g4 f6 19. Bg3 Bd6 20. Bxd6 Qxd6 21. Rxc8 Rxc8 1/2-1/2

[Event "Verbandsliga Nord Baden 1112"]
[Site "Germany"]
[Date "2012.04.29"]
[Round "9.6"]
[White "Schell, Peter"]
[Black "Krauss, Hans Peter"]
[Result "1/2-1/2"]
[WhiteElo "2108"]
[BlackElo "2218"]
[PlyCount "48"]
[EventDate "2011.10.09"]
[EventType "team-tourn"]
[EventRounds "9"]
[EventCountry "GER"]
[SourceTitle "EXT 2013"]
[Source "ChessBase"]
[SourceDate "2012.11.22"]
[SourceVersion "1"]
[SourceVersionDate "2012.11.22"]
[SourceQuality "1"]
[WhiteTeam "Walldorf"]
[BlackTeam "Lindenhof"]
[WhiteTeamCountry "GER"]
[BlackTeamCountry "GER"]

1. e4 c5 2. d4 cxd4 3. c3 d3 4. Bxd3 Nc6 5. Ne2 g6 6. 0-0 Nf6 7. Bf4 Bg7 8. Nd2 0-0 9. Nf3 d5 10. exd5 Nxd5 11. Bg3 Bg4 12. Be4 Nf6 13. Bxc6 bxc6 14. Ned4 Qb6 15. Qb3 c5 16. Qxb6 axb6 17. Nc6 Rfe8 18. Nce5 Be6 19. b3 Nh5 20. Rfe1 Nxg3 21. hxg3 Bd5 22. c4 Bxf3 23. gxf3 Bxe5 24. Rxe5 e6 1/2-1/2

[Event "Verbandsliga Nord Baden 0910"]
[Site "Baden"]
[Date "2011.03.13"]
[Round "7.4"]
[White "Kuci, Blerim"]
[Black "Schell, Peter"]
[Result "1/2-1/2"]
[WhiteElo "2204"]
[BlackElo "2108"]
[PlyCount "92"]
[EventDate "2010.10.17"]
[EventType "team-tourn"]
[EventRounds "9"]
[EventCountry "GER"]
[SourceTitle "EXT 2012"]
[Source "ChessBase"]
[SourceDate "2011.11.24"]
[SourceVersion "1"]
[SourceVersionDate "2011.11.24"]
[SourceQuality "1"]
[WhiteTeam "Hockenheim II"]
[BlackTeam "Walldorf"]
[WhiteTeamCountry "GER"]
[BlackTeamCountry "GER"]

1. e4 c5 2. Nf3 Nc6 3. g3 d6 4. Bg2 g6 5. 0-0 Bg7 6. d3 e5 7. c3 Nge7 8. Nh4 Bf6 9. f4 Bxh4 10. gxh4 Be6 11. Be3 Qd7 12. d4 cxd4 13. cxd4 exd4 14. Bxd4 Nxd4 15. Qxd4 Rg8 16. Nc3 Nc6 17. Qe3 Qe7 18. Rad1 Rd8 19. Rd2 a6 20. b3 f6 21. Qb6 Kf7 22. Rf3 Kg7 23. Rg3 Kh8 24. Rgd3 Rd7 25. Qf2 Rgd8 26. Re3 Qg7 27. h3 f5 28. Kh2 fxe4 29. Nxe4 Bf5 30. Rxd6 Bxe4 31. Rxd7 Qxd7 32. Rxe4 Nd4 33. h5 Nf5 34. hxg6 hxg6 35. Qb6 Kg7 36. Rc4 Qd3 37. Qf2 b5 38. Rc2 Rd7 39. Re2 Nd4 40. Re3 Qc2 41. Qxc2 Nxc2 42. Re6 Rd2 43. Kg3 Nd4 44. Rxa6 Nf5+ 45. Kf3 Nh4+ 46. Kg3 Nf5+ 1/2-1/2

[Event "Verbandsliga Nord Baden 0910"]
[Site "Germany"]
[Date "2009.12.13"]
[Round "4.5"]
[White "Petermann, Michail"]
[Black "Schell, Peter"]
[Result "1/2-1/2"]
[WhiteElo "2062"]
[BlackElo "2108"]
[PlyCount "97"]
[EventDate "2009.10.11"]
[EventType "team-tourn"]
[EventRounds "9"]
[EventCountry "GER"]
[SourceTitle "EXT 2011"]
[Source "ChessBase"]
[SourceDate "2010.11.26"]
[SourceVersion "1"]
[SourceVersionDate "2010.11.26"]
[SourceQuality "1"]
[WhiteTeam "Untergrombach II"]
[BlackTeam "Walldorf"]
[WhiteTeamCountry "GER"]
[BlackTeamCountry "GER"]

1. e4 c5 2. Nf3 Nc6 3. d4 cxd4 4. Nxd4 e5 5. Nb5 a6 6. Nd6+ Bxd6 7. Qxd6 Qe7 8. Qxe7+ Ngxe7 9. Bd2 f5 10. f3 fxe4 11. fxe4 d6 12. Nc3 Be6 13. 0-0-0 0-0-0 14. Be3 d5 15. exd5 Nxd5 16. Nxd5 Rxd5 17. Be2 Rhd8 18. a3 Rxd1+ 19. Rxd1 Kc7 20. Rxd8 Nxd8 21. Kd2 Bd5 22. g3 Be4 23. Bd3 Bxd3 24. Kxd3 Kd6 25. Ke4 Ke6 26. c4 Nf7 27. c5 Nd8 28. Bd2 Nf7 29. b4 g6 30. a4 Nd8 31. h4 h5 32. b5 axb5 33. axb5 Nf7 34. Bg5 b6 35. cxb6 Nd6+ 36. Kd3 Kd5 37. Be7 Nb7 38. Bb4 Nd8 39. Be1 Nb7 40. Bf2 Nd8 41. Bg1 Nb7 42. Kc3 Nd6 43. Kb4 Nb7 44. Bf2 Kd6 45. Be3 Kd5 46. Bd2 Kd4 47. Bc3+ Kd5 48. Kb3 Nc5+ 49. Kc2 1/2-1/2

[Event "Verbandsliga Nord Baden 0910"]
[Site "Germany"]
[Date "2009.10.25"]
[Round "2.5"]
[White "Schulenburg, Bernd"]
[Black "Schell, Peter"]
[Result "0-1"]
[WhiteElo "2197"]
[BlackElo "2108"]
[PlyCount "128"]
[EventDate "2009.10.11"]
[EventType "team-tourn"]
[EventRounds "9"]
[EventCountry "GER"]
[SourceTitle "EXT 2011"]
[Source "ChessBase"]
[SourceDate "2010.11.26"]
[SourceVersion "1"]
[SourceVersionDate "2010.11.26"]
[SourceQuality "1"]
[WhiteTeam "Heidelberg II"]
[BlackTeam "Walldorf"]
[WhiteTeamCountry "GER"]
[BlackTeamCountry "GER"]

1. e4 c5 2. Nf3 Nc6 3. d4 cxd4 4. Nxd4 Nf6 5. Nc3 e5 6. Ndb5 a6 7. Nd6+ Bxd6 8. Qxd6 Qe7 9. Qxe7+ Nxe7 10. Be3 d5 11. exd5 Nfxd5 12. Nxd5 Nxd5 13. Bc5 Bg4 14. Bd3 Rc8 15. Ba3 b5 16. h3 Be6 17. b3 f5 18. f3 Kf7 19. Bb2 Nb4 20. 0-0 Nxc2 21. Rac1 Nd4 22. Rce1 Rhd8 23. Rxe5 Nc6 24. Rxe6 Kxe6 25. Re1+ Kf7 26. Bxf5 Rb8 27. Rc1 Ne7 28. Be4 Rbc8 29. Rxc8 Nxc8 30. Bc3 Ne7 31. Kf2 g6 32. a4 Nd5 33. Ba5 Rd6 34. axb5 axb5 35. Bd2 Nf6 36. Ke3 Nxe4 37. fxe4 Ke6 38. Bb4 Rd1 39. Bc5 Rb1 40. b4 Rb2 41. g3 Rb3+ 42. Kf4 g5+ 43. Kg4 Ke5 44. h4 gxh4 45. gxh4 Rc3 46. Kg5 Kxe4 47. Bf8 Rf3 48. Bg7 Rf5+ 49. Kh6 Kf4 50. Bc3 Kg4 51. Kxh7 Kxh4 52. Kg6 Kg4 53. Bd2 Rd5 54. Be3 Rd6+ 55. Kf7 Kf5 56. Bc5 Rd7+ 57. Ke8 Ke6 58. Kf8 Rc7 59. Bb6 Rb7 60. Be3 Kd5 61. Ke8 Kc4 62. Bd2 Rh7 63. Kd8 Rh2 64. Be1 Re2 0-1

[Event "Verbandsliga Nord Baden 0809"]
[Site "Germany"]
[Date "2009.03.22"]
[Round "8.5"]
[White "Andersen, Hans Christoph"]
[Black "Schell, Peter"]
[Result "1/2-1/2"]
[WhiteElo "2191"]
[BlackElo "2108"]
[PlyCount "56"]
[EventDate "2008.09.28"]
[EventType "team"]
[EventRounds "9"]
[EventCountry "GER"]
[SourceTitle "EXT 2010"]
[Source "ChessBase"]
[SourceDate "2010.11.25"]
[SourceVersion "1"]
[SourceVersionDate "2010.11.25"]
[SourceQuality "1"]
[WhiteTeam "Slavija KA"]
[BlackTeam "Walldorf"]
[WhiteTeamCountry "GER"]
[BlackTeamCountry "GER"]

1. d4 b6 2. e4 Bb7 3. Bd3 e6 4. Nf3 Nf6 5. Qe2 c5 6. c3 cxd4 7. cxd4 d5 8. e5 Ne4 9. Nbd2 Nxd2 10. Bxd2 Be7 11. Rc1 Nc6 12. 0-0 a6 13. a3 b5 14. Rc2 Qb6 15. Rfc1 Rc8 16. b4 Kd7 17. Be3 h6 18. Nd2 Na7 19. Nb3 Rxc2 20. Rxc2 Rc8 21. f4 Rxc2 22. Qxc2 Nc6 23. Qe2 Ke8 24. f5 Bc8 25. Qf3 Qd8 26. Qg3 Bg5 27. Bxg5 Qxg5 28. Qxg5 hxg5 1/2-1/2

[Event "Verbandsliga Nord Baden 0607"]
[Site "Germany"]
[Date "2007.03.25"]
[Round "8.5"]
[White "Schell, Peter"]
[Black "Friedel, Marcus"]
[Result "1-0"]
[WhiteElo "2108"]
[BlackElo "2133"]
[PlyCount "57"]
[EventDate "2006.10.22"]
[EventType "team"]
[EventRounds "9"]
[EventCountry "GER"]
[SourceTitle "EXT 2008"]
[Source "ChessBase"]
[SourceDate "2007.11.25"]
[SourceVersion "1"]
[SourceVersionDate "2007.11.25"]
[SourceQuality "1"]
[WhiteTeam "Walldorf"]
[BlackTeam "Ettlingen"]
[WhiteTeamCountry "GER"]
[BlackTeamCountry "GER"]

1. e4 e5 2. f4 Bc5 3. Nf3 d6 4. b4 Bxb4 5. c3 Bc5 6. d4 exd4 7. cxd4 Bb6 8. Bc4 Nf6 9. e5 dxe5 10. fxe5 Nd5 11. Bg5 Qd7 12. Qb3 c6 13. 0-0 0-0 14. Nbd2 Qg4 15. Rae1 h6 16. Bh4 Nf4 17. Bg3 Be6 18. Re4 g5 19. Bxf4 gxf4 20. g3 Bxc4 21. Nxc4 Qe6 22. Rxf4 Nd7 23. Qd3 Rad8 24. Kg2 Bc7 25. Qc2 Kg7 26. Ne3 c5 27. d5 Qa6 28. Nf5+ Kg8 29. d6 1-0

[Event "Verbandsliga Nord Baden 0607"]
[Site "Germany"]
[Date "2007.03.11"]
[Round "7.5"]
[White "Schweitzer, Michael"]
[Black "Schell, Peter"]
[Result "0-1"]
[WhiteElo "2145"]
[BlackElo "2108"]
[PlyCount "108"]
[EventDate "2006.10.22"]
[EventType "team"]
[EventRounds "9"]
[EventCountry "GER"]
[SourceTitle "EXT 2008"]
[Source "ChessBase"]
[SourceDate "2007.11.25"]
[SourceVersion "1"]
[SourceVersionDate "2007.11.25"]
[SourceQuality "1"]
[WhiteTeam "Lindenhof"]
[BlackTeam "Walldorf"]
[WhiteTeamCountry "GER"]
[BlackTeamCountry "GER"]

1. d4 Nf6 2. c4 e5 3. dxe5 Ng4 4. Nf3 Bc5 5. e3 Nc6 6. Bd2 Ngxe5 7. Nxe5 Nxe5 8. Bc3 Qe7 9. Be2 a5 10. Nd2 0-0 11. 0-0 Ra6 12. Nb3 Ba7 13. Qd5 Re6 14. Nd4 Bxd4 15. exd4 Nc6 16. Bf3 Rd6 17. Qc5 b6 18. Qa3 Qh4 19. g3 Qh3 20. Bg2 Qh5 21. Bxc6 dxc6 22. Rae1 Bh3 23. Re3 Bxf1 24. Kxf1 Qxh2 25. c5 Re6 26. Bd2 Qh1+ 27. Ke2 Qd5 28. cxb6 cxb6 29. Rxe6 fxe6 30. Be3 Qc4+ 31. Ke1 Qb4+ 32. Qxb4 axb4 33. Kd2 Ra8 34. Kc2 Rxa2 35. Kb3 Ra5 36. Kxb4 Rb5+ 37. Kc3 Kf7 38. b4 Kg6 39. Bf4 Kf5 40. f3 g5 41. Bd6 g4 42. fxg4+ Kxg4 43. Kd3 Kf3 44. Kc4 Rg5 45. Bc7 b5+ 46. Kd3 Rxg3 47. Bxg3 Kxg3 48. Ke4 h5 49. Ke5 h4 50. Kxe6 h3 51. Kd6 h2 52. Kxc6 h1Q+ 53. d5 Qe4 54. Kc5 Qc4+ 0-1

[Event "Verbandsliga Nord Baden 0607"]
[Site "Germany"]
[Date "2007.01.14"]
[Round "5.5"]
[White "Schwab, Markus"]
[Black "Schell, Peter"]
[Result "1/2-1/2"]
[WhiteElo "2141"]
[BlackElo "2108"]
[PlyCount "62"]
[EventDate "2006.10.22"]
[EventType "team"]
[EventRounds "9"]
[EventCountry "GER"]
[SourceTitle "EXT 2008"]
[Source "ChessBase"]
[SourceDate "2007.11.25"]
[SourceVersion "1"]
[SourceVersionDate "2007.11.25"]
[SourceQuality "1"]
[WhiteTeam "Mosbach"]
[BlackTeam "Walldorf"]
[WhiteTeamCountry "GER"]
[BlackTeamCountry "GER"]

1. d4 Nf6 2. c4 c6 3. Nf3 d5 4. Nc3 e6 5. e3 Nbd7 6. Bd3 Bd6 7. 0-0 dxc4 8. Bxc4 b5 9. Bd3 b4 10. Ne4 Nxe4 11. Bxe4 Qc7 12. Qa4 Bb7 13. Bd2 a5 14. Rac1 Rc8 15. a3 Nf6 16. Bd3 Qb6 17. e4 Nd7 18. Be3 Qd8 19. e5 Be7 20. Be4 Nb6 21. Qb3 Nd5 22. Bxd5 Qxd5 23. Qxd5 cxd5 24. Rxc8+ Bxc8 25. Rc1 Kd7 26. axb4 axb4 27. Kf1 Bb7 28. Ke1 Ra8 29. Kd1 Ra2 30. Kc2 Ra8 31. b3 Rc8+ 1/2-1/2

[Event "Verbandsliga Nord Baden 0607"]
[Site "Germany"]
[Date "2006.12.17"]
[Round "4.6"]
[White "Mueller, Rudolf"]
[Black "Schell, Peter"]
[Result "0-1"]
[WhiteElo "2209"]
[BlackElo "2108"]
[PlyCount "60"]
[EventDate "2006.10.22"]
[EventType "team"]
[EventRounds "9"]
[EventCountry "GER"]
[SourceTitle "EXT 2008"]
[Source "ChessBase"]
[SourceDate "2007.11.25"]
[SourceVersion "1"]
[SourceVersionDate "2007.11.25"]
[SourceQuality "1"]
[WhiteTeam "Karlsruhe II"]
[BlackTeam "Walldorf"]
[WhiteTeamCountry "GER"]
[BlackTeamCountry "GER"]

1. e4 c5 2. Nf3 Nc6 3. d4 cxd4 4. Nxd4 Nf6 5. Nc3 e5 6. Ndb5 d6 7. Bg5 a6 8. Na3 b5 9. Bxf6 gxf6 10. Nd5 Be6 11. Bd3 f5 12. 0-0 f4 13. c4 b4 14. Nxb4 Nxb4 15. Qa4+ Bd7 16. Qxb4 Rb8 17. Qc3 Qb6 18. Rab1 a5 19. Nc2 Rg8 20. Rfd1 Bg4 21. Rd2 Bf3 22. Ne1 Bxg2 23. Nxg2 f3 24. Bf1 fxg2 25. Bxg2 Qd8 26. c5 Qg5 27. f4 exf4 28. cxd6 Rd8 29. d7+ Rxd7 30. Qc6 Qc5+ 0-1

[Event "Verbandsliga Nord Baden 0607"]
[Site "Germany"]
[Date "2006.11.26"]
[Round "3.5"]
[White "Haller, Peter"]
[Black "Schell, Peter"]
[Result "1/2-1/2"]
[WhiteElo "2060"]
[BlackElo "2108"]
[PlyCount "32"]
[EventDate "2006.10.22"]
[EventType "team"]
[EventRounds "9"]
[EventCountry "GER"]
[SourceTitle "EXT 2008"]
[Source "ChessBase"]
[SourceDate "2007.11.25"]
[SourceVersion "1"]
[SourceVersionDate "2007.11.25"]
[SourceQuality "1"]
[WhiteTeam "Lampertheim"]
[BlackTeam "Walldorf"]
[WhiteTeamCountry "GER"]
[BlackTeamCountry "GER"]

1. e4 c5 2. Nc3 Nc6 3. Nf3 g6 4. d4 cxd4 5. Nxd4 Bg7 6. Be3 d6 7. Be2 Nf6 8. 0-0 0-0 9. Kh1 Bd7 10. Rb1 Nxd4 11. Bxd4 Bc6 12. Qd3 e5 13. Be3 d5 14. exd5 Nxd5 15. Nxd5 Qxd5 16. Qxd5 Bxd5 1/2-1/2

[Event "Verbandsliga Nord Baden 0506"]
[Site "Germany"]
[Date "2005.11.13"]
[Round "2.4"]
[White "Horn, Hans Markus"]
[Black "Schell, Peter"]
[Result "0-1"]
[WhiteElo "1974"]
[BlackElo "2108"]
[PlyCount "62"]
[EventDate "2005.10.16"]
[EventType "team"]
[EventRounds "9"]
[EventCountry "GER"]
[SourceTitle "EXT 2007"]
[Source "ChessBase"]
[SourceDate "2006.11.23"]
[SourceVersion "1"]
[SourceVersionDate "2006.11.23"]
[SourceQuality "1"]
[WhiteTeam "Viernheim II"]
[BlackTeam "Walldorf"]
[WhiteTeamCountry "GER"]
[BlackTeamCountry "GER"]

1. e4 c5 2. Nf3 Nc6 3. Bb5 g6 4. 0-0 Bg7 5. c3 Qb6 6. Na3 a6 7. Bxc6 Qxc6 8. Re1 d6 9. h3 e6 10. d4 b5 11. Bf4 Ne7 12. d5 exd5 13. exd5 Qc7 14. Qe2 Ra7 15. c4 b4 16. Nb1 0-0 17. a3 Nf5 18. g4 Nd4 19. Nxd4 Bxd4 20. Bh6 Bg7 21. Bxg7 Kxg7 22. Nd2 f5 23. axb4 cxb4 24. Qe3 Kg8 25. f3 Qg7 26. b3 Raf7 27. Kh2 fxg4 28. hxg4 Rf4 29. Rg1 Qh6+ 30. Kg2 Rxg4+ 31. Kf2 Qh2+ 0-1